[Event "Hamburger SK-TuS Makkabi Berlin"]
[Site "?"]
[Date "2009.12.28"]
[Round "4.1"]
[White "Lerch, Philipp"]
[Black "Gröning, Finn Jonathan"]
[Result "1-0"]
[WhiteElo "1903"]
[BlackElo "1731"]
[PlyCount "76"]
[EventDate "2009.??.??"]
[WhiteTeam "TuS Makkabi Berlin"]
[BlackTeam "Hamburger SK"]

1. e4 c6 2. d4 d5 3. e5 Bf5 4. Nc3 e6 5. g4 Bg6 6. Nge2 c5 7. h4 h6 8. Be3 Nc6
9. f4 Be7 10. Bf2 cxd4 11. Nxd4 Nxd4 12. Qxd4 Bxc2 13. Rc1 Be4 14. Rh3 a6 15.
Nxe4 dxe4 16. Qxe4 Qa5+ 17. Ke2 Rd8 18. Kf3 Kf8 19. Qxb7 Qd2 20. Rc8 a5 21. Bb6
g5 22. Bxd8 Qxf4+ 23. Kg2 Qd2+ 24. Kh1 Bxd8 25. Rd3 Qf2 26. Rdxd8+ Kg7 27. Qg2
Qxh4+ 28. Kg1 Qe1 29. Rc5 Ne7 30. Rxh8 Kxh8 31. Qf2 Qe4 32. Rc4 Qxe5 33. Qd4
Qxd4+ 34. Rxd4 Nc6 35. Rd6 Ne5 36. Be2 Kg7 37. Ra6 Ng6 38. Rxa5 Nf4 1-0

[Event "Hamburger SK-TuS Makkabi Berlin"]
[Site "?"]
[Date "2009.12.28"]
[Round "4.2"]
[White "Sander, Jean Louis"]
[Black "Sawlin, Leonid"]
[Result "0-1"]
[WhiteElo "1652"]
[BlackElo "1785"]
[PlyCount "92"]
[EventDate "2009.??.??"]
[WhiteTeam "Hamburger SK"]
[BlackTeam "TuS Makkabi Berlin"]

1. e4 e6 2. d4 d5 3. Nc3 Nf6 4. e5 Nfd7 5. Nf3 c5 6. dxc5 Nc6 7. Bf4 Bxc5 8.
Bd3 Qb6 9. Qd2 Bb4 10. a3 Be7 11. O-O-O Nc5 12. Be3 Nxd3+ 13. Qxd3 Qa5 14. Qb5
Qc7 15. h4 a6 16. Qe2 Bd7 17. Bf4 b5 18. Rh3 b4 19. axb4 Nxb4 20. Nd4 Qa5 21.
Nb3 Na2+ 22. Kb1 Nxc3+ 23. Rxc3 Qb4 24. Rd4 Qb6 25. Qg4 Bf8 26. Bg3 a5 27. Rf4
a4 28. Nc1 a3 29. b3 a2+ 30. Ka1 Qa5 31. b4 Qb5 32. Nd3 Bc6 33. Qf3 Ra7 34. Qe3
Ra4 35. Rb3 g6 36. Rd4 h5 37. Bf4 Bg7 38. Bg5 Rh7 39. g4 Bf8 40. Qf3 Bg7 41.
gxh5 Rxh5 42. Qg4 Ra8 43. Nf4 Bxe5 44. Nd3 Bg7 45. Qf4 Qc4 46. c3 Qxb3 0-1

[Event "Hamburger SK-TuS Makkabi Berlin"]
[Site "?"]
[Date "2009.12.28"]
[Round "4.3"]
[White "Lagunow, Raphael"]
[Black "Kramer, Julian"]
[Result "1-0"]
[WhiteElo "1646"]
[BlackElo "1409"]
[PlyCount "45"]
[EventDate "2009.??.??"]
[WhiteTeam "TuS Makkabi Berlin"]
[BlackTeam "Hamburger SK"]

1. Nf3 c5 2. g3 Nc6 3. Bg2 d5 4. d4 cxd4 5. Nxd4 e6 6. O-O Nf6 7. Nxc6 bxc6 8.
c4 Be7 9. Nc3 O-O 10. cxd5 cxd5 11. Bf4 Nh5 12. Be5 Bf6 13. Bd4 Bxd4 14. Qxd4
Nf6 15. Rfd1 Bb7 16. Rac1 a6 17. Na4 Qe7 18. Qb6 Rfc8 19. Nc5 Rab8 20. Nxb7
Rxc1 21. Rxc1 Rxb7 22. Rc8+ Ne8 23. Qxb7 1-0

[Event "Hamburger SK-TuS Makkabi Berlin"]
[Site "?"]
[Date "2009.12.28"]
[Round "4.4"]
[White "Baberz, Alexander"]
[Black "Lagunow, Elina"]
[Result "0-1"]
[WhiteElo "1404"]
[BlackElo "1607"]
[PlyCount "80"]
[EventDate "2009.??.??"]
[WhiteTeam "Hamburger SK"]
[BlackTeam "TuS Makkabi Berlin"]

1. d4 Nf6 2. c4 g6 3. Nc3 Bg7 4. e4 d6 5. Nf3 O-O 6. Be2 c5 7. d5 e6 8. O-O
exd5 9. cxd5 Bg4 10. Nd2 Bxe2 11. Qxe2 a6 12. a4 Nbd7 13. Nc4 Nb6 14. Nxb6 Qxb6
15. a5 Qc7 16. f3 Rae8 17. Qc2 Nd7 18. Rb1 Qxa5 19. Bd2 b5 20. Ne2 Qb6 21. Bc3
c4+ 22. Kh1 Ra8 23. Bxg7 Kxg7 24. Qc3+ Kg8 25. f4 Rfe8 26. Ng3 Nc5 27. Qd4 Qd8
28. f5 Qg5 29. fxg6 fxg6 30. Rf3 Qe5 31. Qxe5 Rxe5 32. Rbf1 Nxe4 33. Nxe4 Rxe4
34. Rf6 Re2 35. Rxd6 Rxb2 36. Rd7 Rf8 37. Re1 c3 38. Rc7 c2 39. d6 Rb1 40. Rg1
Rff1 0-1

[Event "BSG Chemie Leipzig-TuS Coswig"]
[Site "?"]
[Date "2009.12.28"]
[Round "4.1"]
[White "Kieslich, Aaron"]
[Black "Schmücker, Felix"]
[Result "0-1"]
[WhiteElo "1700"]
[BlackElo "1745"]
[PlyCount "106"]
[EventDate "2009.??.??"]
[WhiteTeam "TuS Coswig"]
[BlackTeam "BSG Chemie Leipzig"]

1. e4 c5 2. Nf3 e6 3. d4 cxd4 4. Nxd4 a6 5. Nc3 Qc7 6. Be3 Bb4 7. Qd2 Nf6 8. f3
d5 9. exd5 Nxd5 10. Nde2 Nxe3 11. Qxe3 O-O 12. O-O-O Nc6 13. g4 b5 14. h4 Bb7
15. Bg2 Na5 16. Qf4 Qxf4+ 17. Nxf4 Bxc3 18. bxc3 Rac8 19. Rd3 Rc4 20. Ne2 Ra4
21. Kb1 Bd5 22. Nc1 Rc8 23. Rhd1 Rac4 24. f4 Rxf4 25. Bxd5 exd5 26. Rxd5 g6 27.
Rd8+ Rxd8 28. Rxd8+ Kg7 29. Rd4 Rf1 30. a4 Nc4 31. Rd7 Rg1 32. Ra7 Rxg4 33.
Rxa6 bxa4 34. Ka2 Ne3 35. Kb2 Nd1+ 36. Ka3 Nxc3 37. Nd3 Nb5+ 38. Kb2 Rxh4 39.
Nc5 Rb4+ 40. Ka2 Rc4 41. Nxa4 Rxc2+ 42. Kb3 Rc8 43. Rb6 Nd4+ 44. Kb4 h5 45. Rd6
Nf5 46. Rd2 h4 47. Rh2 g5 48. Nc5 Rxc5 49. Kxc5 g4 50. Kd5 g3 51. Rh1 h3 52.
Ke4 g2 53. Rg1 Ng3+ 0-1

[Event "BSG Chemie Leipzig-TuS Coswig"]
[Site "?"]
[Date "2009.12.28"]
[Round "4.2"]
[White "Richter, Leonard"]
[Black "Linnemann, Niklas"]
[Result "1-0"]
[WhiteElo "1650"]
[BlackElo "1577"]
[PlyCount "59"]
[EventDate "2009.??.??"]
[WhiteTeam "BSG Chemie Leipzig"]
[BlackTeam "TuS Coswig"]

1. e4 c5 2. d4 cxd4 3. c3 dxc3 4. Nxc3 e6 5. Nf3 Nc6 6. Bc4 d6 7. O-O Nf6 8.
Bf4 Be7 9. Qe2 a6 10. a4 O-O 11. Rfd1 Qc7 12. Rac1 Ne5 13. Ba2 Qb8 14. Nd4 Bd7
15. Bb1 Nc6 16. Bg3 e5 17. Nc2 Be6 18. Nd5 Bxd5 19. exd5 Na5 20. Ne3 Nb3 21.
Nf5 Nxc1 22. Nxe7+ Kh8 23. Rxc1 Qd8 24. Nf5 Rc8 25. Rd1 Rc5 26. h3 Qc7 27. Bh4
Nxd5 28. Qe4 g6 29. Rxd5 gxf5 30. Bf6+ 1-0

[Event "BSG Chemie Leipzig-TuS Coswig"]
[Site "?"]
[Date "2009.12.28"]
[Round "4.3"]
[White "Marek, Moritz"]
[Black "Paschold, Gerry"]
[Result "1/2-1/2"]
[WhiteElo "1298"]
[BlackElo "1358"]
[PlyCount "25"]
[EventDate "2009.??.??"]
[WhiteTeam "TuS Coswig"]
[BlackTeam "BSG Chemie Leipzig"]

1. e4 d5 2. exd5 Nf6 3. d4 Nxd5 4. Nf3 Bg4 5. Be2 Nc6 6. O-O e6 7. c4 Nb6 8. b3
g6 9. Bg5 f6 10. Be3 Bg7 11. Na3 O-O 12. Nc2 Qe7 13. Re1 1/2-1/2

[Event "BSG Chemie Leipzig-TuS Coswig"]
[Site "?"]
[Date "2009.12.28"]
[Round "4.4"]
[White "Angrick, Philipp"]
[Black "Franke, Alexander"]
[Result "1-0"]
[WhiteElo "1363"]
[BlackElo "1075"]
[PlyCount "93"]
[EventDate "2009.??.??"]
[WhiteTeam "BSG Chemie Leipzig"]
[BlackTeam "TuS Coswig"]

1. e4 c5 2. c3 Nc6 3. d4 cxd4 4. cxd4 d6 5. Nf3 Nf6 6. Nc3 e6 7. Bb5 Bd7 8. Bf4
a6 9. Bd3 Be7 10. O-O O-O 11. a3 Rc8 12. Qc2 Qb6 13. Be3 Qc7 14. Rac1 Na7 15.
e5 dxe5 16. dxe5 Ng4 17. Bxa7 b6 18. Bxa6 Qxa7 19. Bxc8 Rxc8 20. Qb3 h6 21. h3
Nxf2 22. Kxf2 Bc5+ 23. Kg3 Qa6 24. Kh2 Be3 25. Rcd1 Bc6 26. Rfe1 Bf4+ 27. Kh1
Bg3 28. Re3 Qb7 29. Nb5 Bxb5 30. Qxb5 Bf2 31. Red3 Qe7 32. Rd7 Qe8 33. Qd3 g6
34. Rd8 Qxd8 35. Qxd8+ Rxd8 36. Rxd8+ Kg7 37. g4 h5 38. g5 Bc5 39. b4 Be3 40.
h4 Bf2 41. Kg2 Be3 42. Kf1 Kh7 43. Ke2 Bc1 44. a4 Ba3 45. a5 bxa5 46. bxa5 Bc5
47. Nd4 1-0

[Event "SC Vaterstetten-TuS Makkabi Frankfurt a."]
[Site "?"]
[Date "2009.12.28"]
[Round "4.2"]
[White "Castell, Patrick"]
[Black "Mager, Denis"]
[Result "0-1"]
[WhiteElo "1374"]
[BlackElo "1648"]
[PlyCount "96"]
[EventDate "2009.??.??"]
[WhiteTeam "SC Vaterstetten"]
[BlackTeam "TuS Makkabi Frankfurt a. M."]

1. e4 e6 2. d4 d5 3. exd5 exd5 4. Bd3 Nf6 5. Nc3 Bb4 6. Nge2 Be6 7. O-O O-O 8.
Bg5 Nbd7 9. Nf4 c6 10. Nh5 h6 11. Nxf6+ Nxf6 12. Bh4 Be7 13. Ne2 Qd7 14. c3 Ne8
15. Bg3 Nd6 16. f3 Bf5 17. Nf4 Bxd3 18. Nxd3 Nf5 19. Ne5 Qd8 20. Qd3 Nxg3 21.
hxg3 Bd6 22. Kf2 Re8 23. Qf5 Bxe5 24. dxe5 Qb6+ 25. Ke2 Qxb2+ 26. Kd3 Qb5+ 27.
Kc2 Qe2+ 28. Kb3 Qxe5 29. Qg4 a5 30. a4 Ra6 31. Rfe1 Qb8 32. Qd7 Rxe1 33. Rxe1
Ra8 34. Kc2 Qc8 35. Qe7 Rb8 36. Qe2 Qf5+ 37. Kb3 b5 38. axb5 cxb5 39. Kb2 Qf6
40. Kb3 a4+ 41. Kb4 Qd6+ 42. Ka5 Qc5 43. Qe8+ Rxe8 44. Rxe8+ Kh7 45. Rb8 Qc7+
46. Kxb5 Qxb8+ 47. Kxa4 Kg6 48. f4 d4 0-1

[Event "SC Vaterstetten-TuS Makkabi Frankfurt a."]
[Site "?"]
[Date "2009.12.28"]
[Round "4.3"]
[White "Greif, Gavin"]
[Black "Schackmann, Oliver"]
[Result "1/2-1/2"]
[WhiteElo "1346"]
[BlackElo "1138"]
[PlyCount "85"]
[EventDate "2009.??.??"]
[WhiteTeam "TuS Makkabi Frankfurt a. M."]
[BlackTeam "SC Vaterstetten"]

1. e4 c5 2. c3 g6 3. d4 cxd4 4. cxd4 Bg7 5. Nf3 Nf6 6. Nc3 d6 7. Bc4 O-O 8. O-O
Nc6 9. Bg5 Bg4 10. Be2 Qa5 11. d5 Ne5 12. Nxe5 Bxe2 13. Qxe2 dxe5 14. Rfd1 Rfd8
15. Rac1 a6 16. a3 b5 17. Na2 Qb6 18. Qf3 h6 19. Be3 Qb7 20. Nb4 Ne8 21. Qh3 h5
22. Bg5 Bf6 23. Qh4 Kg7 24. Nc6 Rd7 25. Bxf6+ Nxf6 26. Nxe5 Rc7 27. Rxc7 Qxc7
28. Nc6 e6 29. Kh1 exd5 30. exd5 Nxd5 31. Qd4+ Nf6 32. Nb4 a5 33. Nd5 Qd6 34.
Qxf6+ Qxf6 35. Nxf6 Kxf6 36. g3 Ke6 37. Rd3 Rc8 38. Rb3 Rc5 39. Kg2 g5 40. Kf3
f6 41. h3 f5 42. h4 gxh4 43. gxh4 1/2-1/2

[Event "SC Vaterstetten-TuS Makkabi Frankfurt a."]
[Site "?"]
[Date "2009.12.28"]
[Round "4.4"]
[White "Hilger, Sebastian"]
[Black "Paulsen, Alexej"]
[Result "0-1"]
[WhiteElo "1022"]
[BlackElo "1411"]
[PlyCount "85"]
[EventDate "2009.??.??"]
[WhiteTeam "SC Vaterstetten"]
[BlackTeam "TuS Makkabi Frankfurt a. M."]

1. e4 c5 2. Nf3 Nc6 3. Nc3 d6 4. Bc4 Nf6 5. d3 e6 6. Bg5 Be7 7. O-O O-O 8. Qd2
a6 9. a3 b5 10. Ba2 Bb7 11. Ne2 Qb6 12. Ng3 a5 13. c3 b4 14. axb4 axb4 15. cxb4
Nxb4 16. Bc4 d5 17. exd5 exd5 18. Bb3 Rad8 19. Kh1 c4 20. Ba4 Nxd3 21. Nf5 Bb4
22. Qc2 Ne4 23. Bxd8 Nexf2+ 24. Rxf2 Qxf2 25. Qxf2 Nxf2+ 26. Kg1 Bc5 27. Bg5
Nd3+ 28. Kf1 Nxb2 29. Rb1 Ba6 30. Bc6 c3+ 31. Ke1 Bd3 32. Rc1 Bxf5 33. Ne5 d4
34. Ke2 d3+ 35. Kf3 d2 36. Bxd2 cxd2 37. Ra1 d1=Q+ 38. Rxd1 Nxd1 39. Nd7 Bxd7
40. Bxd7 Rd8 41. Bb5 Nc3 42. Bc4 Rd4 43. Bb3 0-1

[Event "SK 1926 Ettlingen-SK Wildeshausen"]
[Site "?"]
[Date "2009.12.28"]
[Round "4.1"]
[White "Grigorian, Spartak"]
[Black "Volz, Alexander"]
[Result "1/2-1/2"]
[WhiteElo "1745"]
[BlackElo "1768"]
[PlyCount "69"]
[EventDate "2009.??.??"]
[WhiteTeam "SK Wildeshausen"]
[BlackTeam "SK 1926 Ettlingen"]

1. e4 e5 2. Nf3 Nc6 3. Bb5 a6 4. Ba4 Nf6 5. O-O b5 6. Bb3 Be7 7. Re1 O-O 8. c3
d5 9. exd5 Nxd5 10. Nxe5 Nxe5 11. Rxe5 c6 12. d3 Bd6 13. Re1 Qh4 14. g3 Qh3 15.
Re4 Qf5 16. Nd2 Nf6 17. Rh4 g5 18. Rh6 Ng4 19. Ne4 Nxh6 20. Nxd6 Qg6 21. Ne4
Be6 22. Bxg5 Nf5 23. h4 Bxb3 24. axb3 Ng7 25. Kg2 f5 26. Nd2 h6 27. Bf4 Nh5 28.
Qf3 Nxf4+ 29. Qxf4 Rfe8 30. Nf3 Kh7 31. h5 Qf6 32. Nd4 Rf8 33. Qc7+ Kg8 34.
Nxc6 Rf7 35. Qb6 1/2-1/2

[Event "SK 1926 Ettlingen-SK Wildeshausen"]
[Site "?"]
[Date "2009.12.28"]
[Round "4.2"]
[White "Imgrunt, Philipp"]
[Black "Duchow, Julien"]
[Result "1-0"]
[WhiteElo "1548"]
[BlackElo "1515"]
[PlyCount "107"]
[EventDate "2009.??.??"]
[WhiteTeam "SK 1926 Ettlingen"]
[BlackTeam "SK Wildeshausen"]

1. e4 e5 2. Nf3 Nc6 3. Nc3 Nf6 4. d4 exd4 5. Nxd4 Bb4 6. Nxc6 bxc6 7. Bd3 d5 8.
exd5 cxd5 9. O-O O-O 10. Bg5 c6 11. a3 Bd6 12. Qf3 Rb8 13. Rab1 Re8 14. Ne2 h6
15. Bxf6 Qxf6 16. Qxf6 gxf6 17. b4 Bg4 18. f3 Bd7 19. Nd4 a5 20. bxa5 Bc5 21.
c3 Rxb1 22. Rxb1 Re3 23. Rd1 Ba7 24. Kf2 Re8 25. Rb1 Be6 26. a6 Bc8 27. Kf1 Re3
28. Rd1 Rxd3 29. Rxd3 Bxa6 30. Ke2 Bxd3+ 31. Kxd3 c5 32. Nc6 c4+ 33. Kc2 Bc5
34. a4 Kf8 35. a5 Ke8 36. a6 Kd7 37. a7 Bxa7 38. Nxa7 Kd6 39. Nb5+ Ke5 40. Nd4
Kf4 41. Kd2 h5 42. g3+ Kg5 43. Ke3 f5 44. h4+ Kf6 45. Ne2 Kg6 46. Kd4 Kf6 47.
Kxd5 Ke7 48. Kxc4 Kd6 49. Kb5 Ke5 50. c4 f4 51. gxf4+ Kd6 52. Kb6 f5 53. c5+
Kd7 54. Kb7 1-0

[Event "SK 1926 Ettlingen-SK Wildeshausen"]
[Site "?"]
[Date "2009.12.28"]
[Round "4.3"]
[White "Finke, Maurice"]
[Black "Reiß, Michael"]
[Result "0-1"]
[WhiteElo "1411"]
[BlackElo "1563"]
[PlyCount "66"]
[EventDate "2009.??.??"]
[WhiteTeam "SK Wildeshausen"]
[BlackTeam "SK 1926 Ettlingen"]

1. Nf3 d5 2. c4 dxc4 3. e3 Nf6 4. Bxc4 Nc6 5. O-O Bg4 6. Qb3 e6 7. Qxb7 Bxf3 8.
gxf3 Ne5 9. Bb5+ Nfd7 10. Qe4 Bd6 11. f4 Ng6 12. Bxd7+ Kxd7 13. Nc3 Qf6 14. d4
Rhd8 15. b3 Ke8 16. Bb2 Kf8 17. Rab1 Kg8 18. Kh1 Nh4 19. Ne2 Nf5 20. Ng3 Nxg3+
21. fxg3 Qe7 22. Rfc1 c5 23. dxc5 Bxc5 24. Qe5 Qb7+ 25. e4 f6 26. Qxe6+ Kf8 27.
Rxc5 Re8 28. Qd5 Qa6 29. Ra5 Qe2 30. Ba3+ Re7 31. Qxa8+ Kf7 32. Qd5+ Re6 33.
Rb2 Qf1# 0-1

[Event "SK 1926 Ettlingen-SK Wildeshausen"]
[Site "?"]
[Date "2009.12.28"]
[Round "4.4"]
[White "Jülg, Julian"]
[Black "Stukenborg, Rudi"]
[Result "1/2-1/2"]
[WhiteElo "1065"]
[BlackElo "1308"]
[PlyCount "45"]
[EventDate "2009.??.??"]
[WhiteTeam "SK 1926 Ettlingen"]
[BlackTeam "SK Wildeshausen"]

1. e4 c5 2. Nf3 Nc6 3. Nc3 g6 4. d4 cxd4 5. Nxd4 Bg7 6. Be3 Nf6 7. Be2 O-O 8.
O-O d5 9. exd5 Nxd5 10. Nxc6 bxc6 11. Bd4 e5 12. Bc5 Re8 13. Ne4 f5 14. Nd2 Be6
15. c4 Nf4 16. Re1 a6 17. Qc2 e4 18. Rad1 Nxe2+ 19. Rxe2 Qd3 20. Qxd3 exd3 21.
Re3 Rad8 22. b3 Bf7 23. Nf3 1/2-1/2

[Event "USV Volksbank Halle-SV Ahlen 54"]
[Site "?"]
[Date "2009.12.28"]
[Round "4.1"]
[White "Huckebrink, Chris"]
[Black "Schulte, Felix"]
[Result "1-0"]
[WhiteElo "1711"]
[BlackElo "1407"]
[PlyCount "57"]
[EventDate "2009.??.??"]
[WhiteTeam "SV Ahlen 54"]
[BlackTeam "USV Volksbank Halle"]

1. e4 c5 2. Nf3 d6 3. d4 cxd4 4. Nxd4 Nf6 5. Nc3 g6 6. Be3 Bg7 7. f3 O-O 8. Bc4
Nc6 9. Qd2 Qc7 10. Bb3 a6 11. h4 b5 12. Nd5 Nxd5 13. exd5 Ne5 14. h5 Nc4 15.
Bxc4 Qxc4 16. Nc6 Re8 17. c3 Bf5 18. g4 Bd7 19. hxg6 fxg6 20. Qh2 Bxc3+ 21.
bxc3 Qxc3+ 22. Kf2 Qc2+ 23. Kg3 Qxh2+ 24. Rxh2 e6 25. Bg5 exd5 26. Ne7+ Kg7 27.
Rah1 Rh8 28. Nxd5 Raf8 29. Bh6+ 1-0

[Event "USV Volksbank Halle-SV Ahlen 54"]
[Site "?"]
[Date "2009.12.28"]
[Round "4.2"]
[White "Altstadt, Karl-Simon"]
[Black "Klötzel, Eric"]
[Result "1-0"]
[WhiteElo "1349"]
[BlackElo "1190"]
[PlyCount "61"]
[EventDate "2009.??.??"]
[WhiteTeam "USV Volksbank Halle"]
[BlackTeam "SV Ahlen 54"]

1. e4 d6 2. d4 Nf6 3. Nc3 g6 4. Bg5 Nbd7 5. Bc4 Bg7 6. Nf3 h6 7. Bf4 O-O 8. Qd2
Kh7 9. h3 c6 10. g4 h5 11. e5 Ne8 12. gxh5 Kg8 13. hxg6 d5 14. gxf7+ Kxf7 15.
e6+ Kxe6 16. Ng5+ Kf6 17. Nh7+ Kf7 18. Nxf8 Nxf8 19. Be2 Kg8 20. Bh6 Qd6 21.
Bxg7 Nxg7 22. O-O-O b5 23. Rdg1 b4 24. Na4 a5 25. h4 Kf7 26. h5 Bf5 27. h6 Nge6
28. Bd3 Nxd4 29. Bxf5 Nf3 30. Rg7+ Kf6 31. Qe3 1-0

[Event "USV Volksbank Halle-SV Ahlen 54"]
[Site "?"]
[Date "2009.12.28"]
[Round "4.3"]
[White "Wefers, Simon"]
[Black "Geyer, Hannes"]
[Result "1-0"]
[WhiteElo "1015"]
[BlackElo "1209"]
[PlyCount "76"]
[EventDate "2009.??.??"]
[WhiteTeam "SV Ahlen 54"]
[BlackTeam "USV Volksbank Halle"]

1. e4 c5 2. Nc3 Nc6 3. Nf3 g6 4. Bc4 Bg7 5. Qe2 Nf6 6. d3 O-O 7. Be3 d6 8. h3
a6 9. a3 Rb8 10. Qd2 Re8 11. Bh6 Bh8 12. g4 b5 13. Ba2 a5 14. g5 Nh5 15. Rb1 b4
16. axb4 axb4 17. Ne2 Na5 18. Nf4 Nxf4 19. Qxf4 b3 20. cxb3 Be6 21. Nd2 Nxb3
22. Nxb3 Bxb3 23. Bxb3 Rxb3 24. Qd2 Qb8 25. f4 Bxb2 26. Qc2 Qb4+ 27. Ke2 Rb8
28. Kf3 Qd4 29. Rhd1 c4 30. Ke2 Rc3 31. Qd2 cxd3+ 32. Kf1 Rc2 33. Qe1 Rh2 34.
Rdc1 Rh1+ 35. Kg2 Rxe1 36. Rxb2 Rxb2+ 37. Kg3 Qe3+ 38. Kh4 Qxf4# 1-0

[Event "USV Volksbank Halle-SV Ahlen 54"]
[Site "?"]
[Date "2009.12.28"]
[Round "4.4"]
[White "Niggl, Michael"]
[Black "Volesky, Anna-Katharina"]
[Result "1-0"]
[WhiteElo "1094"]
[BlackElo "1026"]
[PlyCount "75"]
[EventDate "2009.??.??"]
[WhiteTeam "USV Volksbank Halle"]
[BlackTeam "SV Ahlen 54"]

1. c4 e6 2. d4 d5 3. e3 Nf6 4. Nc3 c6 5. Nf3 Bd6 6. c5 Bc7 7. a3 Ne4 8. Qc2
Nxc3 9. Qxc3 O-O 10. Qc2 Nd7 11. Bd3 g6 12. O-O e5 13. e4 exd4 14. Nxd4 Ne5 15.
b4 Qh4 16. Re1 Nxd3 17. Qxd3 Qxh2+ 18. Kf1 Qh1+ 19. Ke2 Qxg2 20. Kd1 Bg4+ 21.
f3 Bh5 22. Re2 Qf1+ 23. Kc2 Be5 24. Bb2 Qh3 25. exd5 g5 26. Rxe5 Bg6 27. Rxg5
Rfe8 28. Kb3 Qh6 29. Rag1 Kf8 30. Qc3 f6 31. Ne6+ Rxe6 32. dxe6 fxg5 33. Qh8+
Ke7 34. Qxa8 g4 35. Qxb7+ Kxe6 36. Re1+ Kf5 37. Qd7+ Kf4 38. Qxg4# 1-0

[Event "SF Brackel-USV TU Dresden"]
[Site "?"]
[Date "2009.12.28"]
[Round "4.1"]
[White "Scholz, Robert"]
[Black "Hümmecke, Aaron"]
[Result "1-0"]
[WhiteElo "1561"]
[BlackElo "1614"]
[PlyCount "65"]
[EventDate "2009.??.??"]
[WhiteTeam "USV TU Dresden"]
[BlackTeam "SF Brackel"]

1. e4 e5 2. Nf3 Nc6 3. Bc4 Nf6 4. d3 Bc5 5. Nc3 h6 6. O-O d6 7. h3 Be6 8. Bb3
O-O 9. Bd2 Nh7 10. Qe2 Nd4 11. Nxd4 Bxd4 12. Be3 Bb6 13. Qd2 Qf6 14. Nd5 Bxd5
15. Bxd5 c6 16. Bb3 Ng5 17. Rad1 Qg6 18. Kh1 Ne6 19. c3 Kh8 20. a3 Rad8 21.
Rde1 Nc7 22. Bc2 Qe6 23. f4 exf4 24. Bxf4 d5 25. d4 g5 26. Bg3 Nb5 27. e5 Kg7
28. Rf6 Qe7 29. h4 Rh8 30. Kg1 Rdg8 31. Ref1 Rf8 32. Qd3 Nc7 33. Rg6+ 1-0

[Event "SF Brackel-USV TU Dresden"]
[Site "?"]
[Date "2009.12.28"]
[Round "4.2"]
[White "Birnkraut, Tim"]
[Black "Thamm, Merlin Jannes"]
[Result "0-1"]
[WhiteElo "1673"]
[BlackElo "1546"]
[PlyCount "112"]
[EventDate "2009.??.??"]
[WhiteTeam "SF Brackel"]
[BlackTeam "USV TU Dresden"]

1. e4 c6 2. d4 d5 3. f3 e5 4. dxe5 Bc5 5. Nc3 Qb6 6. Qe2 Bxg1 7. exd5 Bd4 8. d6
Qa5 9. Bd2 Qxe5 10. O-O-O Qxe2 11. Bxe2 Be5 12. Be3 Nf6 13. Bc5 Nbd7 14. Bf2
O-O 15. Rhe1 Nb6 16. Bf1 Bxc3 17. bxc3 Be6 18. g3 Rfd8 19. h4 Rab8 20. g4 Bd5
21. g5 Ne8 22. Bxb6 axb6 23. d7 Rxd7 24. c4 Be6 25. Bd3 Rdd8 26. h5 Nc7 27. Rg1
g6 28. f4 Bf5 29. Bxf5 Rxd1+ 30. Kxd1 gxf5 31. g6 fxg6 32. hxg6 h6 33. Ke2 Kg7
34. Ke3 Rd8 35. Rb1 Kxg6 36. Rxb6 Rd7 37. Kf3 Ne6 38. a4 Nc5 39. a5 h5 40. Rb1
Ne4 41. Rg1+ Kh7 42. Rh1 Kh6 43. Ra1 Nd2+ 44. Ke2 Nxc4 45. a6 bxa6 46. Rxa6 Rc7
47. Kd3 Nd6 48. Kd4 Nf7 49. Kc5 h4 50. Kb6 Rc8 51. c4 Kh5 52. c5 h3 53. Kb7 Rh8
54. Ra1 Rh6 55. Kc7 Kg4 56. Kd7 h2 0-1

[Event "SF Brackel-USV TU Dresden"]
[Site "?"]
[Date "2009.12.28"]
[Round "4.3"]
[White "Heidelberger, Colin"]
[Black "Wastian, Jan"]
[Result "1-0"]
[WhiteElo "1508"]
[BlackElo "1479"]
[PlyCount "57"]
[EventDate "2009.??.??"]
[WhiteTeam "USV TU Dresden"]
[BlackTeam "SF Brackel"]

{319MB} 1. e4 c6 2. d4 d5 3. f3 e6 4. Nc3 g6 5. e5 Qb6 6. f4 c5 7. Nf3 cxd4 8.
Nxd4 Bc5 9. Na4 Qa5+ 10. c3 Be7 11. Bb5+ Bd7 12. Bxd7+ Nxd7 13. O-O b5 14. b4
Qxa4 15. Qe2 Qa6 16. Nxb5 Qb6+ 17. Be3 Qc6 18. Nxa7 Qc4 19. Qxc4 dxc4 20. a4
Nh6 21. a5 O-O 22. Rfb1 Nf5 23. Nc6 Rfc8 24. Nxe7+ Nxe7 25. g3 Nd5 26. Bd4 Nc7
27. b5 Rcb8 28. b6 Na6 29. b7 1-0

[Event "SF Brackel-USV TU Dresden"]
[Site "?"]
[Date "2009.12.28"]
[Round "4.4"]
[White "Trümper, Michael"]
[Black "Gungl, Theo"]
[Result "0-1"]
[WhiteElo "1395"]
[BlackElo "1477"]
[PlyCount "100"]
[EventDate "2009.??.??"]
[WhiteTeam "SF Brackel"]
[BlackTeam "USV TU Dresden"]

1. d4 d5 2. c4 c6 3. Nf3 Nf6 4. Nc3 Bf5 5. Bf4 e6 6. e3 Nbd7 7. Nh4 Be4 8. f3
Bg6 9. Bg5 Be7 10. Nxg6 hxg6 11. Bd3 Qc7 12. Bf4 Bd6 13. Bxd6 Qxd6 14. f4 O-O-O
15. c5 Qc7 16. Qa4 Kb8 17. h3 g5 18. g3 gxf4 19. gxf4 Rh4 20. O-O-O Rdh8 21. b4
Rxh3 22. Rxh3 Rxh3 23. Re1 Nh5 24. b5 Nxf4 25. Kd2 Rh2+ 26. Ne2 Nxd3 27. Kxd3
cxb5 28. Qxb5 Qc6 29. a4 Qxb5+ 30. axb5 Nf6 31. Rg1 Rh7 32. Nf4 g6 33. Kc2 Rh2+
34. Kd3 Rb2 35. Rf1 Ne4 36. Rd1 Nf2+ 37. Kc3 Nxd1+ 38. Kd3 g5 39. Ne2 f6 40.
Nc3 Rb3 41. Kc2 Rxc3+ 42. Kxd1 Rxe3 43. b6 axb6 44. cxb6 g4 45. Kd2 Re4 46. Kd3
g3 47. Kc3 g2 48. Kb3 g1=Q 49. Kb4 Qxd4+ 50. Ka5 Qa4# 0-1

[Event "SG Turm Raesfeld/Erle-SC Forchheim"]
[Site "?"]
[Date "2009.12.28"]
[Round "4.1"]
[White "Wagner, Robert"]
[Black "Ridder, David"]
[Result "1-0"]
[WhiteElo "1603"]
[BlackElo "1251"]
[PlyCount "83"]
[EventDate "2009.??.??"]
[WhiteTeam "SC Forchheim"]
[BlackTeam "SG Turm Raesfeld/Erle"]

1. d4 d5 2. c4 e6 3. Nc3 Nf6 4. Nf3 b6 5. Bg5 Nbd7 6. e3 Bb7 7. Bd3 Be7 8. O-O
c5 9. Rc1 Bc6 10. Qe2 O-O 11. Rfd1 Bd6 12. cxd5 exd5 13. Bb5 Qc7 14. h3 c4 15.
Bxf6 Nxf6 16. b3 a6 17. Bxc6 Qxc6 18. bxc4 dxc4 19. Nd2 b5 20. d5 Qc7 21. Nde4
Nxe4 22. Nxe4 Rfe8 23. Qg4 Rac8 24. Nf6+ Kf8 25. Nxe8 Kxe8 26. Rc2 c3 27. Rd4
b4 28. Qxg7 b3 29. axb3 Qa5 30. Re4+ Kd8 31. Qf6+ Kc7 32. Qxc3+ Qxc3 33. Rxc3+
Kb7 34. Rxc8 Kxc8 35. Rc4+ Kd7 36. f4 Bb8 37. Rc6 Ba7 38. Kf2 a5 39. Ra6 Bc5
40. Rxa5 Kd6 41. Kf3 Bb4 42. Rb5 1-0

[Event "SG Turm Raesfeld/Erle-SC Forchheim"]
[Site "?"]
[Date "2009.12.28"]
[Round "4.2"]
[White "Springenberg, Christoph"]
[Black "Wernsdörfer, Fabio"]
[Result "0-1"]
[WhiteElo "1147"]
[BlackElo "1293"]
[PlyCount "129"]
[EventDate "2009.??.??"]
[WhiteTeam "SG Turm Raesfeld/Erle"]
[BlackTeam "SC Forchheim"]

1. e4 e5 2. Nf3 Nc6 3. Bc4 Bc5 4. d3 Nf6 5. Bg5 h6 6. Bh4 d6 7. Nc3 g5 8. Bg3
Bg4 9. Bb5 Rb8 10. h4 Rg8 11. Qd2 Bxf3 12. gxf3 a6 13. Ba4 b5 14. Bb3 Nd4 15.
Qd1 c6 16. hxg5 hxg5 17. Rh3 Qe7 18. a3 Qf8 19. Ba2 Rh8 20. Rxh8 Qxh8 21. b4
Bb6 22. Kd2 Qh6 23. Qh1 Qxh1 24. Rxh1 Ke7 25. Nd1 Nxf3+ 26. Kc1 Ra8 27. c4 a5
28. cxb5 cxb5 29. bxa5 Rxa5 30. Kb2 Bd4+ 31. Kb3 Nd2+ 32. Kc2 Rxa3 33. Kxd2
Rxa2+ 34. Ke1 b4 35. Rh8 b3 36. Rb8 b2 37. Nxb2 Rxb2 38. Rxb2 Bxb2 39. Kd2 Bd4
40. f3 Kd7 41. Be1 g4 42. fxg4 Nxg4 43. Ke2 Ke7 44. Kf3 Ne3 45. Bb4 Nc2 46. Bd2
Ke6 47. Kg4 Bc5 48. Kf3 Nb4 49. Ke2 d5 50. exd5+ Kxd5 51. Bc3 f5 52. Kd2 f4 53.
Ke2 Ke6 54. Kd2 Kf5 55. Ke2 Nc6 56. Kf3 Nd4+ 57. Kg2 Kg4 58. Kf1 f3 59. Ke1
Nc2+ 60. Kf1 Bd4 61. Bd2 Kg3 62. Bc1 f2 63. Bf4+ exf4 64. Ke2 Kg2 65. Kd2 0-1

[Event "SG Turm Raesfeld/Erle-SC Forchheim"]
[Site "?"]
[Date "2009.12.28"]
[Round "4.3"]
[White "Braun, Kristin"]
[Black "Tünte, Marcel"]
[Result "0-1"]
[WhiteElo "1335"]
[BlackElo "1210"]
[PlyCount "72"]
[EventDate "2009.??.??"]
[WhiteTeam "SC Forchheim"]
[BlackTeam "SG Turm Raesfeld/Erle"]

1. e4 {[%emt 0:00:00]} e5 2. Nf3 Nc6 3. Nc3 Bc5 4. Bc4 Nf6 5. d3 d6 6. O-O Bg4
7. Be3 Nd4 8. Bxd4 Bxd4 9. Nb5 Bb6 10. a4 a6 11. Nc3 O-O 12. Qe2 h6 13. b4 Bd4
14. Ra3 Nh5 15. h3 Nf4 16. Qd1 Bh5 17. Nd5 Nxd5 18. Bxd5 c6 19. Bc4 Qf6 20. c3
Ba7 21. Kh1 Qf4 22. b5 Bc5 23. Ra1 axb5 24. Bb3 bxa4 25. Rxa4 Rxa4 26. Bxa4 b5
27. Bc2 Ra8 28. Qe2 Ra2 29. g4 Rxc2 30. Qxc2 Qxf3+ 31. Kg1 Qg3+ 32. Kh1 Qxh3+
33. Kg1 Qxg4+ 34. Kh1 Qh3+ 35. Kg1 Bf3 36. Ra1 Qg2# 0-1